[Event "AUTO-INT-3949"]
[Site "http://www.queenalice.com/game.php?id=1870319"]
[Date "2026.3.10"]
[Round "2"]
[White "game"]
[Black "renet54"]
[Result "0-1"]
[WhiteElo "1590"]
[BlackElo "1654"]

1. e4 e5 2. Nf3 Nf6 3. Bc4 Bc5 4. Nxe5 d5 5. Bb3 Be6 6. Nc3 O-O 7. O-O dxe4 8.
Re1 Qd4 9. Qe2 Qxe5 10. Nxe4 Nxe4 11. Qxe4 Qf6 12. Qxb7 Nd7 13. Rf1 Rab8 14.
Qxc7 Rbc8 15. Qa5 Bd5 16. Bxd5 Qg6 17. Qa4 Nb6 18. Qb3 Nxd5 19. Qxd5 Rfd8 20.
Qc4 Bxf2+ 21. Rxf2 Rxc4 22. d3 Rcd4 23. Be3 R4d6 24. Raf1 Re6 25. Bxa7 Rde8 26.
b4 R8e7 27. d4 Rxa7 28. d5 Rd6 29. c4 Ra4 30. c5 Rxd5 31. c6 Qxc6 32. Rxf7 h5
33. h4 Rxa2 34. Kh2 Rdd2 35. Rf8+ Kh7 36. R8f3 Rxg2+ 37. Kh3 Qe6+ 38. Rf5 Qg6
39. Rg5 Qd3+ 40. Rf3 Qxf3+ 41. Rg3 Qxg3# 0-1

[Event "AUTO-INT-3949"]
[Site "http://www.queenalice.com/game.php?id=1870320"]
[Date "2026.3.10"]
[Round "2"]
[White "renet54"]
[Black "game"]
[Result "0-1"]
[WhiteElo "1667"]
[BlackElo "1570"]

1. d4 d5 2. Nf3 Bf5 3. Nc3 Nc6 4. Bf4 Nb4 5. e4 Bg6 6. Nb5 Rc8 7. Nxa7 Ra8 8.
Bb5+ c6 9. Nxc6 bxc6 10. Bd3 dxe4 11. O-O exf3 12. Qxf3 Qxd4 13. Rad1 Qxb2 14.
Qe2 Nf6 15. Bxg6 hxg6 16. Be5 Qxa2 17. Bc7 Nbd5 18. Bd6 Kd7 19. Bg3 e6 20. Qe5
Ke8 21. h3 Nd7 22. Qe2 Nc3 23. Qd3 Nxd1 24. Rxd1 Rd8 25. Bc7 Bd6 26. Bxd8 Kxd8
27. Qxd6 Qa7 28. Qxc6 Rh5 29. Qd6 Rf5 30. Kh2 Ke8 31. c4 Rc5 32. g4 Qc7 33. Qxc7
Rxc7 34. Rc1 Ne5 35. c5 Nd3 36. Ra1 Nxf2 37. Ra8+ Ke7 38. Kg3 Ne4+ 39. Kf4 Nxc5
40. Ke5 f6+ 41. Kd4 Kd6 42. Rd8+ Ke7 43. Rh8 Nb3+ 44. Ke3 Kd6 45. Rd8+ Ke5 46.
Rd3 Nc1 47. Rd1 Nb3 48. h4 Rc2 49. Rd3 Nc1 50. Rd4 Rc3+ 51. Kd2 Kxd4 52. Kd1 e5
0-1

[Event "AUTO-INT-3963"]
[Site "http://www.queenalice.com/game.php?id=1870714"]
[Date "2026.3.19"]
[Round "1"]
[White "SGF"]
[Black "renet54"]
[Result "1-0"]
[WhiteElo "1733"]
[BlackElo "1625"]

1. e4 e5 2. Qf3 Nf6 3. d3 Nc6 4. c3 d6 5. Be2 Be7 6. Qg3 O-O 7. Bh6 Bg4 8. Bxg4
gxh6 9. Bc8+ Kh8 10. Bxb7 Rb8 11. Bxc6 Rxb2 12. Nd2 d5 13. exd5 Nxd5 14. Qxe5+
Bf6 15. Qxd5 Qe7+ 16. Qe4 Qxe4+ 17. Nxe4 Rd8 18. Nxf6 Rd6 19. Ne4 Rxc6 20. Ne2
f5 21. Nd4 Rcb6 22. Nxf5 Re6 23. O-O Re5 24. g4 h5 25. Rab1 Rxa2 26. Rb8+ 1-0

[Event "AUTO-INT-3963"]
[Site "http://www.queenalice.com/game.php?id=1870715"]
[Date "2026.3.19"]
[Round "1"]
[White "renet54"]
[Black "SGF"]
[Result "1-0"]
[WhiteElo "1560"]
[BlackElo "1655"]

1. d4 e6 2. Bf4 Qf6 3. e3 c6 4. Nf3 d6 5. Bc4 b5 6. Bb3 a5 7. a3 Be7 8. O-O a4
9. Ba2 Qg6 10. Nbd2 h5 11. Re1 e5 12. dxe5 dxe5 13. Nxe5 Qf6 14. Ne4 Qf5 15. Qd3
g6 16. Rad1 g5 17. Bxf7+ Kf8 18. Bxg8 gxf4 19. exf4 Rxg8 20. g3 Qxf4 21. Nd7+
Bxd7 22. Kf1 Qf5 23. Re3 Ke8 24. Nd6+ Kd8 25. Nxf5 Re8 26. Nxe7 Rxe7 27. Rxe7
Kxe7 28. Qh7+ Kd8 29. Qxh5 Kc7 30. f4 Na6 31. Qf7 Rd8 32. Qe7 Nb8 33. Rxd7+ Rxd7
34. Qe5+ Kc8 35. Qe8+ Rd8 36. Qe6+ Nd7 37. Qxc6+ Kb8 38. Qxb5+ Kc8 39. Qxa4 Nc5
40. Qc6+ Kb8 41. Qxc5 Rc8 42. Qb6+ Ka8 43. Qa6+ Kb8 44. f5 Rxc2 45. Qd3 Rxb2 46.
Qe4 Rxh2 47. f6 Ra2 48. Qe5+ Ka7 49. f7 Rxa3 50. Qc5+ Ka6 51. Qxa3+ Kb7 52. f8=Q
Kc6 53. Qa5 Kb7 54. Qb5+ Kc7 55. Qf7+ Kd6 56. Qf6+ Kc7 57. Qbc6+ Kb8 58. Qd8+
Ka7 59. Qda8# 1-0

[Event "AUTO-INT-3963"]
[Site "http://www.queenalice.com/game.php?id=1870734"]
[Date "2026.3.19"]
[Round "1"]
[White "renet54"]
[Black "EduardoRo"]
[Result "0-1"]
[WhiteElo "1611"]
[BlackElo "1520"]

1. d4 d5 2. Bf4 Nf6 3. Nf3 e6 4. e3 Bb4+ 5. c3 Ba5 6. Bd3 O-O 7. O-O Nc6 8. Qe2
Bd7 9. Nbd2 a6 10. Bg5 b5 11. Bxh7+ Kxh7 12. Rad1 Qe7 13. Ne5 g6 14. Qf3 Kg7 15.
Qh3 Rh8 16. Bxf6+ Qxf6 17. Nxd7 Qg5 18. Nf3 Qe7 19. Qg3 Qxd7 20. Ng5 Rh5 21. f4
Ne7 22. Qg4 Rah8 23. b4 Bb6 24. Nxf7 Kxf7 25. h3 Nf5 26. e4 dxe4 27. Rfe1 Qd5
28. Rd2 Qc4 29. Rxe4 Qxc3 30. Rde2 Bxd4+ 31. Kh2 Qc1 32. Rxe6 Qg1# 0-1

[Event "AUTO-INT-3963"]
[Site "http://www.queenalice.com/game.php?id=1870735"]
[Date "2026.3.19"]
[Round "1"]
[White "EduardoRo"]
[Black "renet54"]
[Result "0-1"]
[WhiteElo "1523"]
[BlackElo "1613"]

1. e4 e5 2. Nf3 Nc6 3. Bc4 Nf6 4. Nc3 Bc5 5. O-O O-O 6. d3 d6 7. Bg5 Bg4 8. Nd5
Nd4 9. h3 Nxf3+ 10. gxf3 Bxh3 11. Re1 Kh8 12. Nxf6 gxf6 13. Kh2 fxg5 14. Kxh3
Qf6 15. Rg1 Qh6+ 16. Kg2 Qh4 17. Qd2 g4 18. fxg4 Qxg4+ 19. Kf1 Qf3 20. Rg2 Rg8
21. Rxg8+ Kxg8 22. Qg5+ Kh8 23. Qg3 Qh1+ 24. Qg1 Qh3+ 25. Ke1 Qh4 26. Qg3 Qh1+
27. Kd2 Qxa1 28. Kc3 Qe1+ 0-1

[Event "AUTO-INT-3964"]
[Site "http://www.queenalice.com/game.php?id=1871049"]
[Date "2026.3.27"]
[Round "1"]
[White "renet54"]
[Black "EduardoRo"]
[Result "0-1"]
[WhiteElo "1595"]
[BlackElo "1665"]

1. c4 e5 2. Nc3 Nf6 3. g3 Bb4 4. Bg2 O-O 5. Nf3 d6 6. O-O c5 7. Qc2 Re8 8. a3
Bxc3 9. Qxc3 Nc6 10. d3 Bg4 11. Bg5 h6 12. Bxh6 Bxf3 13. Bxf3 gxh6 14. Qd2 Kg7
15. Bxc6 bxc6 16. e4 Ng4 17. f3 Nf6 18. Rf2 Rg8 19. Rg2 Kh7 20. f4 exf4 21. Qxf4
Qe7 22. g4 Rg5 23. Rf1 Rag8 24. h4 Rxg4 25. Rxg4 Nxg4 26. h5 Ne3+ 27. Kh1 Nxf1
28. Qxf1 Qh4+ 0-1

[Event "AUTO-INT-3964"]
[Site "http://www.queenalice.com/game.php?id=1871050"]
[Date "2026.3.27"]
[Round "1"]
[White "EduardoRo"]
[Black "renet54"]
[Result "1-0"]
[WhiteElo "1651"]
[BlackElo "1609"]

1. e4 e5 2. Nf3 Nc6 3. Bc4 Nf6 4. Nc3 Bc5 5. O-O O-O 6. d3 d6 7. Bg5 Bg4 8. Bxf6
Qxf6 9. h3 Bxh3 10. gxh3 Rae8 11. Nd5 Qg6+ 12. Kh2 Re6 13. Nxc7 Rf6 14. Nd5 Re6
15. Rg1 Qh5 16. Qe2 Rh6 17. Rg3 Kh8 18. Rag1 Nd4 19. Nxd4 Bxd4 20. Qxh5 Rxh5 21.
Ne7 Bxf2 22. Rxg7 Bxg1+ 23. Rxg1 Re8 24. Bxf7 Rxe7 25. Rg8# 1-0

[Event "AUTO-INT-3964"]
[Site "http://www.queenalice.com/game.php?id=1871051"]
[Date "2026.3.27"]
[Round "1"]
[White "renet54"]
[Black "game"]
[Result "0-1"]
[WhiteElo "1624"]
[BlackElo "1637"]

1. c4 e5 2. Nc3 Bc5 3. e4 Qf6 4. Nf3 Nc6 5. d3 Nge7 6. Bg5 Qe6 7. Qd2 a5 8.
O-O-O d6 9. Nb5 Qd7 10. b3 Bb4 11. Qe3 Ng6 12. d4 a4 13. d5 Bc5 14. Qd2 axb3 15.
Kb2 Rxa2+ 16. Kc3 Rxd2 17. Nxd2 Qg4 18. Nxc7+ Kd7 19. Kd3 Nb4+ 20. Kc3 Qxd1 0-1

[Event "AUTO-INT-3964"]
[Site "http://www.queenalice.com/game.php?id=1871052"]
[Date "2026.3.27"]
[Round "1"]
[White "game"]
[Black "renet54"]
[Result "0-1"]
[WhiteElo "1655"]
[BlackElo "1606"]

1. e4 e5 2. Bc4 Nc6 3. Nf3 Bc5 4. d3 Nf6 5. Ng5 O-O 6. O-O d6 7. Nc3 Bg4 8. Nf3
Qd7 9. Bg5 Nd4 10. Qd2 Bxf3 11. gxf3 Nxf3+ 12. Kg2 Qg4+ 13. Kh1 Qh3 14. Bf4 exf4
15. Qxf4 Nh5 16. Qxf3 Qxf3+ 17. Kg1 Nf4 18. Nd5 Qg2# 0-1

[Event "AUTO-INT-3965"]
[Site "http://www.queenalice.com/game.php?id=1871587"]
[Date "2026.4.7"]
[Round "1"]
[White "ajr"]
[Black "renet54"]
[Result "1-0"]
[WhiteElo "1675"]
[BlackElo "1559"]

1. d4 Nf6 2. Nc3 e6 3. Bg5 Be7 4. a3 d5 5. e3 O-O 6. h3 Nbd7 7. Nf3 Qe8 8. Nb5
c6 9. Nc7 Qd8 10. Nxa8 b5 11. c3 Bb7 12. Ne5 Nxe5 13. dxe5 Ne4 14. Bxe7 Qxe7 15.
a4 Qh4 16. g3 Nxg3 17. fxg3 Qxg3+ 18. Ke2 Qxe5 19. Qd4 Qh5+ 20. Kd2 Bxa8 21.
axb5 Qh4 22. Qxh4 cxb5 23. Bxb5 d4 24. Qxd4 Bxh1 25. Rxh1 h6 26. Rg1 f6 27. Qxa7
Rd8+ 28. Kc2 1-0